01510nam a2200361 a 4500001001200000003000800012006001900020007001500039008004100054010001700095020001500112040002100127035002100148050002600169082002200195245023200217260005500449300003000504500002500534504005100559533015200610650002300762650002300785650002900808650002600837650003000863650003300893650003300926655002900959710001700988856012601005999001701131ebr10055076CaPaEBRm u cr cn|||||||||920210s1992 dcuab sb 001 0 eng  z 92080089  z030904684X aCaPaEBRcCaPaEBR a(OCoLC)61468025714aSF85.4.C6bG73 1992eb04a333.74/0951/122000aGrasslands and grassland sciences in northern Chinah[electronic resource] :ba report of the Committee on Scholarly Communication with the People's Republic of China, Office of International Affairs, National Research Council. aWashington, D.C. :bNational Academy Press,c1992. axv, 214 p. :bill., maps. a"S-525"--T.p. verso. aIncludes bibliographical references and index. aElectronic reproduction.bPalo Alto, Calif. :cebrary,d2013.nAvailable via World Wide Web.nAccess may be limited to ebrary affiliated libraries. 0aRangelandszChina. 0aGrasslandszChina. 0aRange managementzChina. 0aRange ecologyzChina. 0aGrassland ecologyzChina. 0aRangelandsxResearchzChina. 0aGrasslandsxResearchzChina. 7aElectronic books.2local2 aebrary, Inc.40uhttp://site.ebrary.com/lib/rucke/Doc?id=10055076zAn electronic book accessible through the World Wide Web; click to view c63735d63735